Oracle designer/2000 handbook
| Main Author: | |
|---|---|
| Other Authors: | |
| Published: |
Berkeley:
Osborne McGraw-Hill,
1997.
|
| Subjects: |
| LEADER | 00517cam a2200169 7i4500 | ||
|---|---|---|---|
| 001 | 0000017063 | ||
| 005 | 20020516090000.0 | ||
| 020 | # | 0 | |a 0078822297 |
| 090 | 0 | 0 | |a QA 76.758 |b D718 |
| 100 | 1 | # | |a Dorsey |
| 245 | 1 | 0 | |a Oracle designer/2000 handbook |c Dr. Paul Dorsey, Peter Koletzke. |
| 260 | # | # | |a Berkeley: |b Osborne McGraw-Hill, |c 1997. |
| 300 | # | # | |a xxviii, 610p.: |b ill.; |c 24cm.. |
| 504 | 0 | 0 | |a Includes index |
| 650 | 0 | 0 | |a Software engineering. |
| 700 | 1 | 1 | |a Koletzke, |h Peter |
| 999 | |a 1100001598 |b Book |c Open Shelf |e KOLEKSI TERBUKA | ||


